The Application of Neural Networks in the Earth System Sciences / (Record no. 617296)

000 -LEADER
fixed length control field 00561nam a22001697a 4500
003 - CONTROL NUMBER IDENTIFIER
control field NUST
005 - DATE AND TIME OF LATEST TRANSACTION
control field 20260504164251.0
008 - FIXED-LENGTH DATA ELEMENTS--GENERAL INFORMATION
fixed length control field 260504b ||||| |||| 00| 0 eng d
020 ## - INTERNATIONAL STANDARD BOOK NUMBER
International Standard Book Number 978-9400760721
082 ## - DEWEY DECIMAL CLASSIFICATION NUMBER
Classification number 551.5
Author Mark VIA
100 ## - MAIN ENTRY--PERSONAL NAME
Personal name Vladimir M. Krasnopolsky.
9 (RLIN) 134322
245 ## - TITLE STATEMENT
Title The Application of Neural Networks in the Earth System Sciences /
Remainder of title Neural Networks Emulations for Complex Multidimensional Mappings /
Statement of responsibility, etc. Vladimir M. Krasnopolsky.
260 ## - PUBLICATION, DISTRIBUTION, ETC.
Name of publisher, distributor, etc. Springer,
Date of publication, distribution, etc. 2013.
300 ## - PHYSICAL DESCRIPTION
Extent 206 p ;
Dimensions 30.5 cm
563 ## - BINDING INFORMATION
Binding note Hardcover
942 ## - ADDED ENTRY ELEMENTS (KOHA)
Source of classification or shelving scheme
Koha item type Book
Holdings
Withdrawn status Lost status Source of classification or shelving scheme Damaged status Not for loan Permanent Location Current Location Date acquired Total Checkouts Full call number Barcode Date last seen Price effective from Koha item type
          Institute of Geographical Information Systems (IGIS) Institute of Geographical Information Systems (IGIS) 05/04/2026   551.5 VIA IGIS-1182 05/04/2026 05/04/2026 Book
© 2023 Central Library, National University of Sciences and Technology. All Rights Reserved.